Quadratic algebras and noncommutative integration of Klein-Gordon equations in non-steckel Riemann spaces; Russian Physics Journal; Vol. 38, iss. 5
| Parent link: | Russian Physics Journal: Scientific Journal Vol. 38, iss. 5.— 1995.— [P. 508-512] |
|---|---|
| Altres autors: | , , , |
| Sumari: | Title screen he method of noncommutative integration of linear partial differential equations is used to solve the Klein-Gordon equations in Riemann space, in the case when the set of noncommutating symmetry operators of this equation for a quadratic algebra consists of one second-order operator and several first-order operators. Solutions that do not permit variable separation are presented Режим доступа: по договору с организацией-держателем ресурса |
| Idioma: | anglès |
| Publicat: |
1995
|
| Matèries: | |
| Accés en línia: | http://link.springer.com/article/10.1007%2FBF00559308 |
| Format: | MixedMaterials Electrònic Capítol de llibre |
| KOHA link: | https://koha.lib.tpu.ru/cgi-bin/koha/opac-detail.pl?biblionumber=636605 |
MARC
| LEADER | 00000nla0a2200000 4500 | ||
|---|---|---|---|
| 001 | 636605 | ||
| 005 | 20250401090922.0 | ||
| 035 | |a (RuTPU)RU\TPU\network\635 | ||
| 090 | |a 636605 | ||
| 100 | |a 20140218d1995 k||y0rusy50 ba | ||
| 101 | 0 | |a eng | |
| 102 | |a US | ||
| 135 | |a drnn ---uucaa | ||
| 181 | 0 | |a i | |
| 182 | 0 | |a b | |
| 200 | 1 | |a Quadratic algebras and noncommutative integration of Klein-Gordon equations in non-steckel Riemann spaces |f O. L. Varaksin [et al.] | |
| 203 | |a Text |c electronic | ||
| 300 | |a Title screen | ||
| 320 | |a [References: p. 512 (6 tit.)] | ||
| 330 | |a he method of noncommutative integration of linear partial differential equations is used to solve the Klein-Gordon equations in Riemann space, in the case when the set of noncommutating symmetry operators of this equation for a quadratic algebra consists of one second-order operator and several first-order operators. Solutions that do not permit variable separation are presented | ||
| 333 | |a Режим доступа: по договору с организацией-держателем ресурса | ||
| 461 | |t Russian Physics Journal |o Scientific Journal | ||
| 463 | |t Vol. 38, iss. 5 |v [P. 508-512] |d 1995 | ||
| 610 | 1 | |a электронный ресурс | |
| 610 | 1 | |a труды учёных ТПУ | |
| 701 | 1 | |a Varaksin |b O. L. | |
| 701 | 1 | |a Firstov |b V. V. | |
| 701 | 1 | |a Shapovalov |b A. V. |c mathematician |c Professor of Tomsk Polytechnic University, Doctor of physical and mathematical sciences |f 1949- |g Aleksandr Vasilyevich |3 (RuTPU)RU\TPU\pers\31734 | |
| 701 | 1 | |a Shirokov |b I. V. | |
| 801 | 2 | |a RU |b 63413507 |c 20180306 |g RCR | |
| 856 | 4 | |u http://link.springer.com/article/10.1007%2FBF00559308 | |
| 942 | |c CF | ||